Missing Word: '70s Bands Quiz Stats

Quiz Updated Sep 29, 2016

Challenge
Share
Tweet
Embed
Score 0/24 Timer 02:00
2 Plays Today
'70s Band Missing Word % Correct
______ ZeppelinLed
99.5%
______ SabbathBlack
98.3%
Earth, ______ & FireWind
96.7%
Fleetwood ______Mac
96.5%
The Partridge ______Family
88.9%
Sex ______Pistols
87.5%
Doobie ______Brothers
85.9%
KC & The ______ BandSunshine
84.8%
Steely ______Dan
84.6%
Jethro ______Tull
83.7%
Moody ______Blues
81.8%
Blue Öyster ______Cult
80.5%
'70s Band Missing Word % Correct
______ TrickCheap
78.9%
Three ______ NightDog
75.4%
______ & The GangKool
74.6%
Bachman Turner ______Overdrive
68.3%
______ CompanyBad
66.3%
Grand ______ RailroadFunk
62.6%
Average ______ BandWhite
47.8%
Tony ______ and DawnOrlando
46.4%
Atlanta Rhythm ______Section
42.6%
Ozark ______ DaredevilsMountain
38.6%
______ CherryWild
32.7%
______ Prairie LeaguePure
28%

Today's Daily Dose

You're not logged in!

Compare scores with friends on all Sporcle quizzes.
Sign Up with Email
OR
Log In

You Might Also Like...

Show Comments

Extras

Top Quizzes Today


Score Distribution

Your Account Isn't Verified!

In order to create a playlist on Sporcle, you need to verify the email address you used during registration. Go to your Sporcle Settings to finish the process.